[Event "April 9 Late 2024"]
[Site "Chess.com"]
[Date "2024.04.09"]
[Round "8"]
[White "Schuster, Karsten"]
[Black "Liu, Yi"]
[Result "0-1"]
[Board "87"]
[WhiteFideId "4611071"]
[BlackFideId "3210588"]
[WhiteTitle "FM"]
[BlackTitle "FM"]
[WhiteElo "2375"]
[BlackElo "2495"]
[WhiteTeam "GER"]
[BlackTeam "AUS"]
[WhiteClock "0:01:52"]
[BlackClock "0:00:42"]
[Variant "Standard"]

1. c4 {[%clk 0:03:00]}  e5 {[%clk 0:02:59]} 2. d3 {[%clk 0:02:59]}  Nf6 {[%clk 0:02:58]} 3. Nf3 {[%clk 0:03:00]}  Nc6 {[%clk 0:02:57]} 4. g3 {[%clk 0:03:00]}  d6 {[%clk 0:02:54]} 5. Bg2 {[%clk 0:03:00]}  Be7 {[%clk 0:02:54]} 6. O-O {[%clk 0:03:00]}  O-O {[%clk 0:02:54]} 7. Nc3 {[%clk 0:02:59]}  h6 {[%clk 0:02:47]} 8. Rb1 {[%clk 0:03:00]}  Be6 {[%clk 0:02:47]} 9. b4 {[%clk 0:02:59]}  Qd7 {[%clk 0:02:46]} 10. b5 {[%clk 0:02:58]}  Nd8 {[%clk 0:02:44]} 11. Nd2 {[%clk 0:02:57]}  Bh3 {[%clk 0:02:43]} 12. Nde4 {[%clk 0:02:53]}  Bxg2 {[%clk 0:02:42]} 13. Kxg2 {[%clk 0:02:53]}  Nxe4 {[%clk 0:02:39]} 14. dxe4 {[%clk 0:02:53]}  Ne6 {[%clk 0:02:31]} 15. Nd5 {[%clk 0:02:52]}  f5 {[%clk 0:02:18]} 16. exf5 {[%clk 0:02:52]}  Rxf5 {[%clk 0:02:16]} 17. Be3 {[%clk 0:02:51]}  Raf8 {[%clk 0:02:05]} 18. Qd3 {[%clk 0:02:38]}  c6 {[%clk 0:02:00]} 19. bxc6 {[%clk 0:02:34]}  bxc6 {[%clk 0:01:59]} 20. Nxe7+ {[%clk 0:02:34]}  Qxe7 {[%clk 0:01:59]} 21. Rbd1 {[%clk 0:02:26]}  Nd4 {[%clk 0:01:11]} 22. Bxd4 {[%clk 0:02:10]}  exd4 {[%clk 0:01:10]} 23. Qxd4 {[%clk 0:02:04]}  Qxe2 {[%clk 0:01:10]} 24. Rd2 {[%clk 0:02:03]}  Qf3+ {[%clk 0:01:05]} 25. Kg1 {[%clk 0:02:03]}  d5 {[%clk 0:01:01]} 26. cxd5 {[%clk 0:02:02]}  Rxd5 {[%clk 0:00:56]} 27. Qc4 {[%clk 0:02:02]}  Kh8 {[%clk 0:00:48]} 28. Rxd5 {[%clk 0:02:01]}  cxd5 {[%clk 0:00:46]} 29. Qc5 {[%clk 0:01:58]}  Rf7 {[%clk 0:00:42]} 30. Rd1 {[%clk 0:01:52]}  Qxd1+ {[%clk 0:00:42]} 0-1

[Event "April 9 Late 2024"]
[Site "Chess.com"]
[Date "2024.04.09"]
[Round "8"]
[White "Azali, Tannaz"]
[Black "Mesa Cruz, Juan Carlos"]
[Result "1-0"]
[Board "88"]
[WhiteFideId "12537721"]
[BlackFideId "6423400"]
[WhiteTitle "WFM"]
[BlackTitle "CM"]
[WhiteElo "2494"]
[BlackElo "2369"]
[WhiteTeam "IRI"]
[BlackTeam "DOM"]
[WhiteClock "0:00:58"]
[BlackClock "0:00:00"]
[Variant "Standard"]

1. e4 {[%clk 0:03:00]}  c5 {[%clk 0:02:21]} 2. Nc3 {[%clk 0:02:59]}  a6 {[%clk 0:02:20]} 3. g3 {[%clk 0:02:58]}  b5 {[%clk 0:02:20]} 4. Bh3 {[%clk 0:02:59]}  Bb7 {[%clk 0:02:18]} 5. d3 {[%clk 0:02:59]}  g6 {[%clk 0:02:16]} 6. Bg2 {[%clk 0:02:58]}  Qc7 {[%clk 0:02:16]} 7. Nge2 {[%clk 0:02:58]}  d6 {[%clk 0:02:15]} 8. O-O {[%clk 0:02:59]}  e6 {[%clk 0:02:15]} 9. f4 {[%clk 0:02:59]}  Bg7 {[%clk 0:02:16]} 10. f5 {[%clk 0:02:57]}  exf5 {[%clk 0:02:15]} 11. exf5 {[%clk 0:02:56]}  Bxg2 {[%clk 0:02:16]} 12. Kxg2 {[%clk 0:02:56]}  Qc6+ {[%clk 0:02:11]} 13. Kg1 {[%clk 0:02:56]}  b4 {[%clk 0:02:09]} 14. Ne4 {[%clk 0:02:53]}  Nd7 {[%clk 0:01:59]} 15. Bf4 {[%clk 0:02:51]}  Ne5 {[%clk 0:01:53]} 16. d4 {[%clk 0:02:46]}  Qxe4 {[%clk 0:01:49]} 17. dxe5 {[%clk 0:02:43]}  dxe5 {[%clk 0:01:47]} 18. Re1 {[%clk 0:02:21]}  Rd8 {[%clk 0:01:30]} 19. Qc1 {[%clk 0:02:21]}  Qxf5 {[%clk 0:01:24]} 20. Be3 {[%clk 0:02:16]}  Nf6 {[%clk 0:01:22]} 21. Bxc5 {[%clk 0:02:13]}  a5 {[%clk 0:00:50]} 22. Nd4 {[%clk 0:02:04]}  Qh5 {[%clk 0:00:34]} 23. Nc6 {[%clk 0:01:56]}  Rd5 {[%clk 0:00:33]} 24. Be3 {[%clk 0:01:16]}  Ng4 {[%clk 0:00:27]} 25. h4 {[%clk 0:01:16]}  Nxe3 {[%clk 0:00:06]} 26. Qxe3 {[%clk 0:01:16]}  Rd6 {[%clk 0:00:05]} 27. Nxe5 {[%clk 0:01:13]}  Re6 {[%clk 0:00:04]} 28. Qa7 {[%clk 0:01:07]}  O-O {[%clk 0:00:02]} 29. Nd3 {[%clk 0:01:07]}  Rf6 {[%clk 0:00:01]} 30. Rf1 {[%clk 0:01:03]}  Qg4 {[%clk 0:00:01]} 31. Qe3 {[%clk 0:01:02]}  Re6 {[%clk 0:00:01]} 32. Qf3 {[%clk 0:01:02]}  Bd4+ {[%clk 0:00:01]} 33. Kg2 {[%clk 0:01:01]}  Re2+ {[%clk 0:00:02]} 34. Nf2 {[%clk 0:01:01]}  Rxf2+ {[%clk 0:00:01]} 35. Rxf2 {[%clk 0:01:02]}  Qd7 {[%clk 0:00:01]} 36. Rd1 {[%clk 0:01:01]}  Rd8 {[%clk 0:00:01]} 37. Rfd2 {[%clk 0:01:01]}  Qc7 {[%clk 0:00:01]} 38. Rxd4 {[%clk 0:00:59]}  Qxc2+ {[%clk 0:00:01]} 39. Qf2 {[%clk 0:00:59]}  Qc6+ {[%clk 0:00:02]} 40. Kh2 {[%clk 0:00:58]}  Rxd4 {[%clk 0:00:00]} 41. Rxd4 {[%clk 0:00:58]} 1-0

[Event "April 9 Late 2024"]
[Site "Chess.com"]
[Date "2024.04.09"]
[Round "8"]
[White "Brahami, Lamine"]
[Black "Goncalves, Samuel Jesus P"]
[Result "1-0"]
[Board "90"]
[WhiteFideId "7905637"]
[BlackFideId "1945130"]
[WhiteTitle "IM"]
[WhiteElo "2367"]
[BlackElo "2476"]
[WhiteTeam "ALG"]
[BlackTeam "POR"]
[WhiteClock "0:00:21"]
[BlackClock "0:00:29"]
[Variant "Standard"]

1. d4 {[%clk 0:03:00]}  g6 {[%clk 0:02:34]} 2. c4 {[%clk 0:02:54]}  Bg7 {[%clk 0:02:34]} 3. Nc3 {[%clk 0:02:53]}  c5 {[%clk 0:02:34]} 4. e3 {[%clk 0:02:52]}  Nc6 {[%clk 0:02:30]} 5. Nf3 {[%clk 0:02:52]}  Nf6 {[%clk 0:02:23]} 6. Be2 {[%clk 0:02:51]}  cxd4 {[%clk 0:02:23]} 7. exd4 {[%clk 0:02:51]}  d5 {[%clk 0:02:23]} 8. c5 {[%clk 0:02:49]}  Bg4 {[%clk 0:02:21]} 9. O-O {[%clk 0:02:48]}  O-O {[%clk 0:02:20]} 10. a3 {[%clk 0:02:45]}  Ne4 {[%clk 0:02:14]} 11. Qd3 {[%clk 0:02:40]}  e5 {[%clk 0:02:08]} 12. dxe5 {[%clk 0:02:17]}  Nxc5 {[%clk 0:01:58]} 13. Qxd5 {[%clk 0:01:26]}  Qxd5 {[%clk 0:01:54]} 14. Nxd5 {[%clk 0:01:26]}  Rfd8 {[%clk 0:01:53]} 15. Ne3 {[%clk 0:01:20]}  Bxf3 {[%clk 0:01:51]} 16. Bxf3 {[%clk 0:01:18]}  Nxe5 {[%clk 0:01:51]} 17. Bd5 {[%clk 0:01:03]}  Rd7 {[%clk 0:01:49]} 18. b4 {[%clk 0:00:55]}  Ncd3 {[%clk 0:01:48]} 19. Ra2 {[%clk 0:00:52]}  Rad8 {[%clk 0:01:47]} 20. Rc2 {[%clk 0:00:45]}  Rxd5 {[%clk 0:01:40]} 21. Nxd5 {[%clk 0:00:44]}  Nxc1 {[%clk 0:01:37]} 22. Ne7+ {[%clk 0:00:24]}  Kf8 {[%clk 0:01:37]} 23. Nxg6+ {[%clk 0:00:23]}  hxg6 {[%clk 0:01:38]} 24. Rfxc1 {[%clk 0:00:23]}  Ke7 {[%clk 0:01:32]} 25. g3 {[%clk 0:00:23]}  Bh6 {[%clk 0:01:16]} 26. f4 {[%clk 0:00:22]}  Nf3+ {[%clk 0:01:09]} 27. Kg2 {[%clk 0:00:21]}  Nd4 {[%clk 0:01:09]} 28. Rc7+ {[%clk 0:00:21]}  Kf6 {[%clk 0:01:04]} 29. Rxb7 {[%clk 0:00:20]}  Re8 {[%clk 0:01:05]} 30. Rc4 {[%clk 0:00:18]}  Re2+ {[%clk 0:01:05]} 31. Kf1 {[%clk 0:00:19]}  Rd2 {[%clk 0:01:00]} 32. Rd7 {[%clk 0:00:19]}  Nf3 {[%clk 0:00:59]} 33. Rc6+ {[%clk 0:00:18]}  Kg7 {[%clk 0:00:58]} 34. Rxd2 {[%clk 0:00:19]}  Nxd2+ {[%clk 0:00:58]} 35. Ke2 {[%clk 0:00:19]}  Ne4 {[%clk 0:00:55]} 36. Ra6 {[%clk 0:00:20]}  Nc3+ {[%clk 0:00:55]} 37. Kd3 {[%clk 0:00:20]}  Nb5 {[%clk 0:00:56]} 38. a4 {[%clk 0:00:20]}  Nc7 {[%clk 0:00:55]} 39. Rxa7 {[%clk 0:00:20]}  Ne6 {[%clk 0:00:55]} 40. b5 {[%clk 0:00:21]}  Kf6 {[%clk 0:00:56]} 41. Kc4 {[%clk 0:00:21]}  Bf8 {[%clk 0:00:56]} 42. b6 {[%clk 0:00:20]}  Bd6 {[%clk 0:00:57]} 43. a5 {[%clk 0:00:21]}  Kf5 {[%clk 0:00:54]} 44. Rd7 {[%clk 0:00:22]}  Bb8 {[%clk 0:00:52]} 45. Rxf7+ {[%clk 0:00:22]}  Kg4 {[%clk 0:00:53]} 46. Rf6 {[%clk 0:00:23]}  Nd8 {[%clk 0:00:48]} 47. Rxg6+ {[%clk 0:00:23]}  Kh3 {[%clk 0:00:48]} 48. Rh6+ {[%clk 0:00:22]}  Kg4 {[%clk 0:00:47]} 49. Kd5 {[%clk 0:00:22]}  Nb7 {[%clk 0:00:47]} 50. a6 {[%clk 0:00:21]}  Na5 {[%clk 0:00:29]} 51. a7 {[%clk 0:00:21]} 1-0

[Event "April 9 Late 2024"]
[Site "Chess.com"]
[Date "2024.04.09"]
[Round "8"]
[White "Andrews, Todd"]
[Black "Venkatesh, Narayan"]
[Result "1-0"]
[Board "92"]
[WhiteFideId "2012456"]
[BlackFideId "30987881"]
[WhiteTitle "FM"]
[BlackTitle "CM"]
[WhiteElo "2475"]
[BlackElo "2352"]
[WhiteTeam "USA"]
[BlackTeam "USA"]
[WhiteClock "0:00:15"]
[BlackClock "0:00:00"]
[Variant "Standard"]

1. e4 {[%clk 0:03:00]}  e5 {[%clk 0:02:56]} 2. Nf3 {[%clk 0:03:00]}  Nc6 {[%clk 0:02:56]} 3. Bb5 {[%clk 0:03:01]}  Nf6 {[%clk 0:02:48]} 4. d3 {[%clk 0:03:01]}  Bc5 {[%clk 0:02:46]} 5. O-O {[%clk 0:03:01]}  d6 {[%clk 0:02:44]} 6. Bxc6+ {[%clk 0:03:00]}  bxc6 {[%clk 0:02:43]} 7. Qe1 {[%clk 0:02:58]}  O-O {[%clk 0:02:42]} 8. b3 {[%clk 0:02:42]}  Bg4 {[%clk 0:02:37]} 9. Nbd2 {[%clk 0:02:41]}  Qd7 {[%clk 0:02:35]} 10. Bb2 {[%clk 0:02:39]}  Rfe8 {[%clk 0:02:30]} 11. Nh4 {[%clk 0:02:30]}  Qe6 {[%clk 0:02:20]} 12. Kh1 {[%clk 0:02:28]}  d5 {[%clk 0:02:19]} 13. f3 {[%clk 0:02:21]}  Bh5 {[%clk 0:02:18]} 14. Nf5 {[%clk 0:02:21]}  Bg6 {[%clk 0:02:15]} 15. g4 {[%clk 0:02:20]}  h5 {[%clk 0:02:07]} 16. Qg3 {[%clk 0:02:10]}  hxg4 {[%clk 0:01:57]} 17. fxg4 {[%clk 0:02:09]}  dxe4 {[%clk 0:01:45]} 18. Nxe4 {[%clk 0:02:06]}  Nxe4 {[%clk 0:01:45]} 19. dxe4 {[%clk 0:02:05]}  Rad8 {[%clk 0:01:40]} 20. Rad1 {[%clk 0:02:04]}  f6 {[%clk 0:01:29]} 21. Rd3 {[%clk 0:01:50]}  Bb6 {[%clk 0:01:10]} 22. Rfd1 {[%clk 0:01:42]}  Rxd3 {[%clk 0:01:08]} 23. Qxd3 {[%clk 0:01:33]}  Bf7 {[%clk 0:01:00]} 24. Qd7 {[%clk 0:01:21]}  c5 {[%clk 0:00:48]} 25. c4 {[%clk 0:01:14]}  Rb8 {[%clk 0:00:38]} 26. Rd3 {[%clk 0:00:51]}  Kf8 {[%clk 0:00:24]} 27. g5 {[%clk 0:00:41]}  Qxd7 {[%clk 0:00:16]} 28. Rxd7 {[%clk 0:00:42]}  Be6 {[%clk 0:00:16]} 29. Rd3 {[%clk 0:00:33]}  Bxf5 {[%clk 0:00:16]} 30. exf5 {[%clk 0:00:34]}  Ke7 {[%clk 0:00:15]} 31. Rh3 {[%clk 0:00:25]}  Rd8 {[%clk 0:00:13]} 32. Bc3 {[%clk 0:00:20]}  Rd1+ {[%clk 0:00:11]} 33. Kg2 {[%clk 0:00:20]}  Rc1 {[%clk 0:00:11]} 34. g6 {[%clk 0:00:18]}  Rc2+ {[%clk 0:00:09]} 35. Kg1 {[%clk 0:00:18]}  c6 {[%clk 0:00:04]} 36. Be1 {[%clk 0:00:17]}  Rc1 {[%clk 0:00:04]} 37. Kf2 {[%clk 0:00:17]}  Kf8 {[%clk 0:00:02]} 38. Rh8+ {[%clk 0:00:16]}  Ke7 {[%clk 0:00:02]} 39. Rg8 {[%clk 0:00:17]}  Kd6 {[%clk 0:00:02]} 40. Rxg7 {[%clk 0:00:17]}  Rc2+ {[%clk 0:00:02]} 41. Kf1 {[%clk 0:00:17]}  Rc1 {[%clk 0:00:03]} 42. Ke2 {[%clk 0:00:16]}  Rc2+ {[%clk 0:00:02]} 43. Kd1 {[%clk 0:00:16]}  Rxh2 {[%clk 0:00:02]} 44. Rf7 {[%clk 0:00:16]}  Rg2 {[%clk 0:00:02]} 45. Rxf6+ {[%clk 0:00:16]}  Ke7 {[%clk 0:00:03]} 46. Re6+ {[%clk 0:00:16]}  Kf8 {[%clk 0:00:03]} 47. Rxe5 {[%clk 0:00:17]}  Bc7 {[%clk 0:00:03]} 48. Re6 {[%clk 0:00:17]}  Bf4 {[%clk 0:00:03]} 49. Rxc6 {[%clk 0:00:16]}  Rxa2 {[%clk 0:00:02]} 50. Bc3 {[%clk 0:00:16]}  Rc2 {[%clk 0:00:00]} 51. f6 {[%clk 0:00:15]} 1-0

[Event "April 9 Late 2024"]
[Site "Chess.com"]
[Date "2024.04.09"]
[Round "8"]
[White "McLaren, Brian"]
[Black "Smiech, Sara"]
[Result "0-1"]
[Board "93"]
[WhiteFideId "2604612"]
[BlackFideId "91102863"]
[WhiteElo "2342"]
[BlackElo "2472"]
[WhiteTeam "CAN"]
[BlackTeam "POL"]
[WhiteClock "0:00:38"]
[BlackClock "0:00:48"]
[Variant "Standard"]

1. e4 {[%clk 0:02:52]}  c5 {[%clk 0:02:59]} 2. Nc3 {[%clk 0:02:49]}  Nc6 {[%clk 0:02:59]} 3. g3 {[%clk 0:02:48]}  g6 {[%clk 0:02:59]} 4. Bg2 {[%clk 0:02:48]}  Bg7 {[%clk 0:02:59]} 5. Nge2 {[%clk 0:02:46]}  d6 {[%clk 0:02:59]} 6. d3 {[%clk 0:02:46]}  e6 {[%clk 0:03:00]} 7. O-O {[%clk 0:02:46]}  Nge7 {[%clk 0:03:00]} 8. Be3 {[%clk 0:02:46]}  Nd4 {[%clk 0:02:58]} 9. Qd2 {[%clk 0:02:46]}  O-O {[%clk 0:02:55]} 10. Nc1 {[%clk 0:02:46]}  Rb8 {[%clk 0:02:49]} 11. Nd1 {[%clk 0:02:44]}  b5 {[%clk 0:02:46]} 12. c3 {[%clk 0:02:44]}  Ndc6 {[%clk 0:02:46]} 13. Bh6 {[%clk 0:02:44]}  b4 {[%clk 0:02:38]} 14. Bxg7 {[%clk 0:02:44]}  Kxg7 {[%clk 0:02:39]} 15. Ne3 {[%clk 0:02:39]}  bxc3 {[%clk 0:02:37]} 16. bxc3 {[%clk 0:02:38]}  Ba6 {[%clk 0:02:32]} 17. f4 {[%clk 0:02:26]}  f5 {[%clk 0:02:29]} 18. exf5 {[%clk 0:02:22]}  gxf5 {[%clk 0:02:28]} 19. Ne2 {[%clk 0:02:18]}  Qa5 {[%clk 0:02:24]} 20. Rfb1 {[%clk 0:02:03]}  Nd4 {[%clk 0:02:14]} 21. Nc4 {[%clk 0:01:55]}  Nxe2+ {[%clk 0:02:10]} 22. Qxe2 {[%clk 0:01:54]}  Bxc4 {[%clk 0:02:06]} 23. dxc4 {[%clk 0:01:54]}  Qxc3 {[%clk 0:01:43]} 24. Qxe6 {[%clk 0:01:50]}  Qf6 {[%clk 0:01:30]} 25. Qd7 {[%clk 0:01:41]}  Rf7 {[%clk 0:01:21]} 26. Qxa7 {[%clk 0:01:32]}  Nc6 {[%clk 0:01:09]} 27. Qa4 {[%clk 0:01:23]}  Qd4+ {[%clk 0:00:58]} 28. Kh1 {[%clk 0:01:22]}  Nb4 {[%clk 0:00:58]} 29. Rd1 {[%clk 0:01:12]}  Nd3 {[%clk 0:00:57]} 30. Bd5 {[%clk 0:01:01]}  Re7 {[%clk 0:00:51]} 31. Rf1 {[%clk 0:00:50]}  Rb2 {[%clk 0:00:49]} 32. Rad1 {[%clk 0:00:44]}  Nf2+ {[%clk 0:00:48]} 33. Rxf2 {[%clk 0:00:38]}  Qxf2 {[%clk 0:00:48]} 0-1

[Event "April 9 Late 2024"]
[Site "Chess.com"]
[Date "2024.04.09"]
[Round "8"]
[White "Bueno, Alfeu Junior Varela"]
[Black "Laskakis, Konstantinos"]
[Result "0-1"]
[Board "94"]
[WhiteFideId "2108879"]
[BlackFideId "42134374"]
[WhiteTitle "FM"]
[WhiteElo "2460"]
[BlackElo "2339"]
[WhiteTeam "BRA"]
[BlackTeam "GRE"]
[WhiteClock "0:00:03"]
[BlackClock "0:00:18"]
[Variant "Standard"]

1. e4 {[%clk 0:02:55]}  d6 {[%clk 0:03:00]} 2. d4 {[%clk 0:02:55]}  Nf6 {[%clk 0:03:00]} 3. Nc3 {[%clk 0:02:56]}  e5 {[%clk 0:03:00]} 4. Nf3 {[%clk 0:02:53]}  Nbd7 {[%clk 0:02:59]} 5. Bg5 {[%clk 0:02:51]}  Be7 {[%clk 0:02:57]} 6. Qd2 {[%clk 0:02:52]}  h6 {[%clk 0:02:56]} 7. Bh4 {[%clk 0:02:51]}  O-O {[%clk 0:02:55]} 8. O-O-O {[%clk 0:02:51]}  c6 {[%clk 0:02:55]} 9. Bg3 {[%clk 0:02:25]}  Nh5 {[%clk 0:02:29]} 10. dxe5 {[%clk 0:02:14]}  Nxg3 {[%clk 0:02:22]} 11. hxg3 {[%clk 0:02:15]}  dxe5 {[%clk 0:02:17]} 12. Bc4 {[%clk 0:02:10]}  b5 {[%clk 0:02:16]} 13. Bb3 {[%clk 0:02:10]}  a5 {[%clk 0:02:16]} 14. a4 {[%clk 0:02:08]}  b4 {[%clk 0:02:16]} 15. Ne2 {[%clk 0:02:08]}  Nc5 {[%clk 0:01:59]} 16. Qe3 {[%clk 0:01:44]}  Nxb3+ {[%clk 0:01:54]} 17. Qxb3 {[%clk 0:01:45]}  Qc7 {[%clk 0:01:40]} 18. Qe3 {[%clk 0:01:32]}  Bf6 {[%clk 0:01:13]} 19. Qc5 {[%clk 0:00:58]}  Bg4 {[%clk 0:01:00]} 20. Rd3 {[%clk 0:00:52]}  Be7 {[%clk 0:00:46]} 21. Qe3 {[%clk 0:00:46]}  c5 {[%clk 0:00:38]} 22. Rhd1 {[%clk 0:00:41]}  c4 {[%clk 0:00:29]} 23. Rd5 {[%clk 0:00:36]}  f6 {[%clk 0:00:27]} 24. Nh2 {[%clk 0:00:29]}  Be6 {[%clk 0:00:27]} 25. Rb5 {[%clk 0:00:24]}  Rab8 {[%clk 0:00:24]} 26. Rxb8 {[%clk 0:00:16]}  Rxb8 {[%clk 0:00:24]} 27. f4 {[%clk 0:00:16]}  Qc6 {[%clk 0:00:21]} 28. b3 {[%clk 0:00:14]}  cxb3 {[%clk 0:00:20]} 29. Rd2 {[%clk 0:00:14]}  Rc8 {[%clk 0:00:19]} 30. Nf3 {[%clk 0:00:06]}  bxc2 {[%clk 0:00:19]} 31. fxe5 {[%clk 0:00:06]}  b3 {[%clk 0:00:19]} 32. exf6 {[%clk 0:00:03]}  Ba3# {[%clk 0:00:18]} 0-1

[Event "April 9 Late 2024"]
[Site "Chess.com"]
[Date "2024.04.09"]
[Round "8"]
[White "Pranav Sairam"]
[Black "Paragua, Megan Althea"]
[Result "1/2-1/2"]
[Board "97"]
[WhiteFideId "30951330"]
[BlackFideId "30973007"]
[BlackTitle "WFM"]
[WhiteElo "2325"]
[BlackElo "2450"]
[WhiteTeam "USA"]
[BlackTeam "USA"]
[WhiteClock "0:00:02"]
[BlackClock "0:00:12"]
[Variant "Standard"]

1. e4 {[%clk 0:03:00]}  c5 {[%clk 0:02:59]} 2. Nf3 {[%clk 0:02:56]}  e6 {[%clk 0:02:47]} 3. Qe2 {[%clk 0:02:56]}  Nc6 {[%clk 0:02:43]} 4. g3 {[%clk 0:02:55]}  d6 {[%clk 0:02:41]} 5. Bg2 {[%clk 0:02:52]}  Nf6 {[%clk 0:02:41]} 6. O-O {[%clk 0:02:51]}  Be7 {[%clk 0:02:41]} 7. d3 {[%clk 0:02:50]}  O-O {[%clk 0:02:41]} 8. Re1 {[%clk 0:02:45]}  Qc7 {[%clk 0:02:38]} 9. Nc3 {[%clk 0:02:38]}  a6 {[%clk 0:02:37]} 10. a4 {[%clk 0:02:37]}  Bd7 {[%clk 0:02:36]} 11. Bf4 {[%clk 0:02:34]}  Nd4 {[%clk 0:02:29]} 12. Qd1 {[%clk 0:02:26]}  Nxf3+ {[%clk 0:02:24]} 13. Bxf3 {[%clk 0:02:26]}  Bc6 {[%clk 0:02:24]} 14. e5 {[%clk 0:02:22]}  dxe5 {[%clk 0:02:21]} 15. Bxe5 {[%clk 0:02:21]}  Qb6 {[%clk 0:02:21]} 16. a5 {[%clk 0:02:12]}  Bxf3 {[%clk 0:02:12]} 17. Qxf3 {[%clk 0:01:54]}  Qc6 {[%clk 0:02:04]} 18. Qxc6 {[%clk 0:01:46]}  bxc6 {[%clk 0:02:04]} 19. Ne4 {[%clk 0:01:20]}  Nd5 {[%clk 0:01:39]} 20. Bd6 {[%clk 0:01:13]}  Bxd6 {[%clk 0:01:35]} 21. Nxd6 {[%clk 0:01:13]}  Nb4 {[%clk 0:01:34]} 22. Re2 {[%clk 0:01:10]}  Rab8 {[%clk 0:01:15]} 23. Ne4 {[%clk 0:01:02]}  Rfd8 {[%clk 0:00:53]} 24. Nxc5 {[%clk 0:00:56]}  Rd5 {[%clk 0:00:53]} 25. Ne4 {[%clk 0:00:51]}  Rbb5 {[%clk 0:00:50]} 26. c4 {[%clk 0:00:49]}  Rxa5 {[%clk 0:00:48]} 27. Rxa5 {[%clk 0:00:07]}  Rxa5 {[%clk 0:00:47]} 28. d4 {[%clk 0:00:07]}  Ra1+ {[%clk 0:00:42]} 29. Kg2 {[%clk 0:00:07]}  Rc1 {[%clk 0:00:40]} 30. b3 {[%clk 0:00:07]}  Kf8 {[%clk 0:00:34]} 31. Nc5 {[%clk 0:00:06]}  Rd1 {[%clk 0:00:32]} 32. Re4 {[%clk 0:00:06]}  Ke7 {[%clk 0:00:29]} 33. f4 {[%clk 0:00:06]}  Kd6 {[%clk 0:00:26]} 34. Nb7+ {[%clk 0:00:06]}  Kc7 {[%clk 0:00:26]} 35. Nc5 {[%clk 0:00:06]}  a5 {[%clk 0:00:26]} 36. Kf2 {[%clk 0:00:05]}  g6 {[%clk 0:00:25]} 37. Ke2 {[%clk 0:00:05]}  Rh1 {[%clk 0:00:25]} 38. h4 {[%clk 0:00:05]}  Rh2+ {[%clk 0:00:22]} 39. Kf3 {[%clk 0:00:05]}  Rd2 {[%clk 0:00:20]} 40. Ke3 {[%clk 0:00:05]}  Rd1 {[%clk 0:00:20]} 41. Ke2 {[%clk 0:00:05]}  Rg1 {[%clk 0:00:19]} 42. Kf2 {[%clk 0:00:05]}  Rb1 {[%clk 0:00:17]} 43. Kf3 {[%clk 0:00:06]}  Kd8 {[%clk 0:00:17]} 44. Re5 {[%clk 0:00:06]}  Ke7 {[%clk 0:00:17]} 45. Re4 {[%clk 0:00:05]}  Kf6 {[%clk 0:00:15]} 46. Nd7+ {[%clk 0:00:05]}  Kg7 {[%clk 0:00:15]} 47. Nc5 {[%clk 0:00:06]}  Rb2 {[%clk 0:00:14]} 48. Ke3 {[%clk 0:00:05]}  Rb1 {[%clk 0:00:14]} 49. Kf3 {[%clk 0:00:05]}  Na2 {[%clk 0:00:14]} 50. Re3 {[%clk 0:00:02]}  Nb4 {[%clk 0:00:12]} 51. Re4 {[%clk 0:00:02]} 1/2-1/2

[Event "April 9 Late 2024"]
[Site "Chess.com"]
[Date "2024.04.09"]
[Round "8"]
[White "Denis Denisenko"]
[Black "Bence Papp"]
[Result "1/2-1/2"]
[Board "100"]
[WhiteFideId "4170652"]
[BlackFideId "788384"]
[BlackTitle "FM"]
[WhiteElo "2445"]
[BlackElo "2312"]
[BlackTeam "HUN"]
[WhiteClock "0:00:06"]
[BlackClock "0:00:04"]
[Variant "Standard"]

1. d4 {[%clk 0:03:00]}  Nf6 {[%clk 0:02:59]} 2. Bf4 {[%clk 0:03:00]}  d5 {[%clk 0:02:59]} 3. e3 {[%clk 0:03:00]}  g6 {[%clk 0:02:56]} 4. Nf3 {[%clk 0:02:59]}  Bg7 {[%clk 0:02:56]} 5. Be2 {[%clk 0:03:00]}  O-O {[%clk 0:02:52]} 6. O-O {[%clk 0:02:59]}  Nh5 {[%clk 0:02:50]} 7. Bg5 {[%clk 0:02:59]}  c5 {[%clk 0:02:34]} 8. c3 {[%clk 0:02:57]}  cxd4 {[%clk 0:02:17]} 9. exd4 {[%clk 0:02:57]}  Nf6 {[%clk 0:02:09]} 10. Nbd2 {[%clk 0:02:42]}  Nc6 {[%clk 0:01:53]} 11. Re1 {[%clk 0:02:41]}  Ne4 {[%clk 0:01:45]} 12. Nxe4 {[%clk 0:02:35]}  dxe4 {[%clk 0:01:45]} 13. Nd2 {[%clk 0:02:35]}  h6 {[%clk 0:01:41]} 14. Bh4 {[%clk 0:02:32]}  g5 {[%clk 0:01:41]} 15. Bg3 {[%clk 0:02:33]}  f5 {[%clk 0:01:41]} 16. f4 {[%clk 0:02:21]}  gxf4 {[%clk 0:01:26]} 17. Bxf4 {[%clk 0:02:19]}  e5 {[%clk 0:01:26]} 18. dxe5 {[%clk 0:02:18]}  Nxe5 {[%clk 0:01:24]} 19. Nc4 {[%clk 0:02:16]}  Ng6 {[%clk 0:01:08]} 20. g3 {[%clk 0:01:59]}  Nxf4 {[%clk 0:01:07]} 21. gxf4 {[%clk 0:01:59]}  Qh4 {[%clk 0:01:04]} 22. Qd2 {[%clk 0:01:55]}  Be6 {[%clk 0:00:59]} 23. Qe3 {[%clk 0:01:53]}  Rac8 {[%clk 0:00:43]} 24. Nd6 {[%clk 0:01:24]}  Rc6 {[%clk 0:00:41]} 25. Nxb7 {[%clk 0:01:18]}  Bf7 {[%clk 0:00:38]} 26. Kh1 {[%clk 0:01:12]}  Rb6 {[%clk 0:00:23]} 27. Nc5 {[%clk 0:00:59]}  Rxb2 {[%clk 0:00:22]} 28. Rg1 {[%clk 0:00:58]}  Kh8 {[%clk 0:00:17]} 29. Rg2 {[%clk 0:00:49]}  Rfb8 {[%clk 0:00:15]} 30. Rag1 {[%clk 0:00:40]}  Bf6 {[%clk 0:00:11]} 31. Nd7 {[%clk 0:00:38]}  Rc8 {[%clk 0:00:05]} 32. Nxf6 {[%clk 0:00:37]}  Qxf6 {[%clk 0:00:06]} 33. Qxa7 {[%clk 0:00:34]}  Rxc3 {[%clk 0:00:05]} 34. Bh5 {[%clk 0:00:25]}  Rxg2 {[%clk 0:00:02]} 35. Rxg2 {[%clk 0:00:20]}  Rc1+ {[%clk 0:00:03]} 36. Rg1 {[%clk 0:00:20]}  Rxg1+ {[%clk 0:00:04]} 37. Kxg1 {[%clk 0:00:21]}  Qa1+ {[%clk 0:00:04]} 38. Kg2 {[%clk 0:00:20]}  Qb2+ {[%clk 0:00:05]} 39. Kg3 {[%clk 0:00:18]}  Bxh5 {[%clk 0:00:06]} 40. Qa8+ {[%clk 0:00:17]}  Kg7 {[%clk 0:00:06]} 41. Qa7+ {[%clk 0:00:16]}  Bf7 {[%clk 0:00:07]} 42. Qc7 {[%clk 0:00:15]}  Qa3+ {[%clk 0:00:07]} 43. Kh4 {[%clk 0:00:14]}  Qf3 {[%clk 0:00:06]} 44. Qe5+ {[%clk 0:00:12]}  Kg8 {[%clk 0:00:07]} 45. Qxf5 {[%clk 0:00:12]}  Qf2+ {[%clk 0:00:06]} 46. Kh3 {[%clk 0:00:08]}  Qf3+ {[%clk 0:00:05]} 47. Kh4 {[%clk 0:00:08]}  e3 {[%clk 0:00:06]} 48. Qc8+ {[%clk 0:00:06]}  Kg7 {[%clk 0:00:06]} 49. Qc3+ {[%clk 0:00:07]}  Kg8 {[%clk 0:00:06]} 50. Qc8+ {[%clk 0:00:06]}  Kg7 {[%clk 0:00:05]} 51. Qc3+ {[%clk 0:00:06]}  Kg8 {[%clk 0:00:04]} 52. Qc8+ {[%clk 0:00:06]} 1/2-1/2